Quizzes
Events
Quiz Creation
Community
Videos
Private Events
Remove Ads
Sign In
Join for FREE
Feedback
Dark Mode
Quiz Categories
Sports
Geography
Music
Movies
Television
Just For Fun
Miscellaneous
History
Literature
Language
Science
Gaming
Entertainment
Religion
Holiday
For Kids
Quiz Lab
Recent
Popular Today
Quiz Kudos Today
Editor Picks
Curator Picks
Quizzes by...
Day
Popularity
Type
Ratings
Length
Year
Community
Subscriptions
Recent Discussions
Orange Saloon
Badges
Playlists
Quests
Create
Leaderboards
Showdown
Live 5
Trivia Bingo
Activity
Puzzle Library
Sporcle Events
Private Events
Virtual Trivia
Globe League
Become a Host
Pub Owners
SporcleCon
Opinionation
Our Games
Videos
Blog
Mobile Apps
Partnerships
Remove Ads and Go Orange
Feedback
Geography
Country
Landmarks
City
State
Population
World
Capital
Continent
Flags
Europe
Africa
Asia
South America
North America
Oceania
Border
Canada
United Kingdom
Topography
United States
Geography
Country
Landmarks
City
State
Population
World
Capital
Continent
Flags
Europe
Africa
Asia
South America
North America
Oceania
Border
Canada
United Kingdom
Topography
United States
Random Quiz
Search Sporcle
×
Quiz Lab
Quiz Lab
Geography
Country
Type in answers that appear in a list
Type in answers that appear in a list
Classic
Best Score? Go Orange.
Wettest Countries Stats
Can you name the countries with the highest average annual rainfall?
By
dancully
5m
30 Questions
764 Plays
764 Plays
764 Plays
Comments
Comments
Give Quiz Kudos
Give Quiz Kudos
-
- Ratings
hide this ad
More Info
Replay
Link that replays current quiz
Next Quiz
Link to next quiz in quiz playlist
You Got
0%
They Got
Avg Score
57%
Avg Friend Score
Upgrade to see
Score Distribution
Jump to the score distribution portion of the page
Score
0/30
Timer
05:00
0
Plays Today
Rank
Country
% Correct
7
Indonesia
88.1%
5
Malaysia
81.7%
10
Colombia
77.9%
8
Panama
76.5%
4
Costa Rica
72.6%
13
Singapore
72.2%
18
Philippines
71%
2
Papua New Guinea
70%
16
Guyana
68.2%
14
Nicaragua
67.5%
19
Suriname
65.5%
26
Ecuador
65.1%
30
Guatemala
64.4%
9
Bangladesh
64.1%
6
Brunei
58.2%
Rank
Country
% Correct
28
Jamaica
58.1%
25
Myanmar
55.7%
27
Dominica
55.3%
11
Fiji
54.7%
22
Trinidad and Tobago
51.5%
3
Solomon Islands
47.7%
17
Grenada
46.9%
21
St Lucia
45%
20
Seychelles
43.8%
24
Equatorial Guinea
39.8%
29
Mauritius
38.8%
1
São Tomé and Príncipe
38.3%
22
Bhutan
36.2%
14
Liberia
28.8%
12
Sierra Leone
26.1%
Quiz Playlist
Details
Report
Send in Message
Add To Playlist
More Info:
Average precipitation for the years 2008-12
Classic:
Type in answers that appear in a list
Quiz Source
Last Updated: Feb 16, 2017
Quiz Scoreboard
CHALLENGE
Sign Up to Join the Scoreboard
Show All
Scores
Hide
Comments
May contain spoilers
Recently Published
Presidents Visiting Landmarks
by Hejman
History
7m
An Introduction to Baseball
by treessimontrees
Sports
5m
Movies - When Are They Set?
by FPL_Elf
Movies
5m
More to Explore
Quiz From the Vault
Featured Blog Post
Where Did the Easter Bunny Come From?
hide this ad
You Might Also Like...
Tags
Country Quiz
annual
Average
highest
rainfall
Wettest
Today's Top Quizzes in Geography
Browse Geography
hide this ad
Today's Top Quizzes in Country
Browse Country
Top Contributed Quizzes in Geography
1
Countries of the World - No Outlines Minefield
2
Top 25 Cities of France on a map
3
Any capital of a 'B' country per Continent
4
Closest Countries to UK A-Z
5
Any capital of a 'C' country per Continent
6
One Thing in Common: United Kingdom
7
Any capital of a 'D' country per Continent
8
Find the Provinces of Canada - No Outlines Minefield
9
5-to-1: US Geography No Hints
10
Any capital of an 'E' country per Continent
Explore More
Trending Topics
Marvel
Kpop
Disney
Harry Potter
NBA
Anime
Crossword
Song
WWE
NFL
Soccer
Pokémon
Puzzle
The Office
Country
hide this ad
More By:
dancully
Quiz
Plays
Rating
Category
Featured
Created
Movie Characters' Passports
4,540
4.04
Movies
May 9, 2013
Countries visited by Tintin
2,127
4.30
Literature
May 18, 2013
Same start, different Pokémon (All Gens.)
1,899
4.70
Gaming
Apr 11, 2013
UK cities by bands
982
4.43
Music
Mar 27, 2014
Wettest Countries
764
4.00
Geography
May 22, 2013
Go to Creator's Profile
Score Distribution
Quiz Creator Spotlight
dancully
Follow
Send a Message
Quizzes Created
-
Created Quiz Play Count
-
More By This Creator
Popular Quizzes Today
1
Find the US States - No Outlines Minefield
2
Find the Countries of Europe - No Outlines Minefield
3
The Countries of the World
4
Find the US States
5
Popular People in 1961
6
US States
7
Risky Map Clicking: Biggest States A-Z
8
1-10 Letter E Words III
More Geography Quizzes
Countries Without Sporcle by Flag
Quiz Lab
Trending Quizzes
Risky Map Clicking: Least Populous States A-Z
1-10 Letter G Words
1-10 Letter F Words
Risky Map Clicking: Next State Alphabetically
Risky Map Clicking: Biggest States A-Z
Recently Updated
Leaping Animals
pecheneg
Reality TV Shows (A-Z)
bhenderson79
Rickey Henderson's Hall of Fame Teammates
pecheneg
Champions League XIs: Arsenal
pecheneg
Quick Pick: Celebrities in WWE's Hall of Fame
aduchscher
A-Z Keypad Blitz II
pecheneg
Multiple Oscar Actors
pecheneg
Mystery Phrase Blitz: Oscar 'Best Actors'
pecheneg
F. Scott Fitzgerald Novels
LTH
Pick 3 Villains
ddd62291
Trending Topics
Disney
Kpop
Marvel
Anime
Harry Potter
NBA
Crossword
Pokémon
Song
The Office
Country
Puzzle
Soccer
NFL
WWE
Your Account Isn't Verified!
In order to create a playlist on Sporcle, you need to verify the email address you used during registration. Go to your
Sporcle Settings
to finish the process.
Report this User
Report this user for behavior that violates our
Community Guidelines
.
Details:
Send Report
Go to the Sporcle.com Mobile Site →
Comments